¿Por qué Evo Morales sigue siendo popular?: las fortalezas del MAS en la construcción del nuevo orden /

Salvato in:
Dettagli Bibliografici
Autore principale: Molina, Fernando
Natura: testo
Tags: Aggiungi Tag
Nessun Tag, puoi essere il primo ad aggiungerne!!

MARC

LEADER 00000 a a2200000 04500
001 45734
003
040 |a CRAI/IIS  |c CRAI/IIS 
100 |a Molina, Fernando  
245 |a ¿Por qué Evo Morales sigue siendo popular?:   |b las fortalezas del MAS en la construcción del nuevo orden /  |c Fernando Molina  
773 |g número245 (2013), páginas 4-14  
999 |c 18420  |d 18420